000
00306nam a22001337a 4500
008
170601b xxu||||| |||| 00| 0 eng d
020
_a
9781931686570
041
_a
eng
080
_a
94(7/8)
100
_a
17
101
_a
SHH
245
_a
SECRET LIVES OF THE US PRESIDENTS
_c
O'BRIEN,C
942
_2
udc
_c
BK
999
_c
15316
_d
15316